000 00363nam a2200133Ia 4500
008 151001s9999||||xx |||||||||||||| ||und||
100 _aहरी नारायण आपटे
245 _aभयंकर दिव्य
250 _a5
260 _bआर्यभूषण मुद्रणालय
260 _c1965
300 _a575
365 _b21
999 _c956676
_d956673